[Event "10th Vellmar Chess Days"]
[Site "chess24.com"]
[Date "2018.07.12"]
[Round "1.25"]
[White "Hofschlag, Dirk"]
[Black "Pauls, Wilhelm"]
[Result "0-1"]
[WhiteElo "1708"]
[BlackElo "1971"]
[PlyCount "87"]
[EventDate "2018.??.??"]
[WhiteTeam "Deutschland"]
[BlackTeam "Deutschland"]
[WhiteTeamCountry "GER"]
[BlackTeamCountry "GER"]
[WhiteClock "1:30:30"]
[BlackClock "1:30:30"]

1. Nf3 Nf6 2. c4 c5 3. d3 e6 4. Nc3 d5 5. cxd5 exd5 6. e3 Be7 7. Ne2 O-O 8. Ng3
b5 9. Be2 Re8 10. O-O Bb7 11. Re1 Bf8 12. Nf1 Nbd7 13. Qc2 a5 14. d4 c4 15.
N1d2 Rc8 16. a3 Qb6 17. Bf1 h6 18. g3 g5 19. Kg2 Bg7 20. Rd1 Nf8 21. Ng1 Ng6
22. Ne2 Rc7 23. Kg1 Bc8 24. Bg2 Ne7 25. Re1 Bf5 26. Qd1 b4 27. Nf3 Nc6 28. Nd2
Rce7 29. Nf3 Bd3 30. Bd2 g4 31. Nh4 Bxe2 32. Rxe2 Nxd4 33. Re1 Nb3 34. axb4
Nxa1 35. Qxa1 axb4 36. Nf5 Ra7 37. Qc1 c3 38. bxc3 b3 39. Nxg7 Kxg7 40. e4 Nxe4
41. Be3 b2 42. Qd1 Nf6 43. Qd3 Rxe3 44. Rxe3 0-1

[Event "10th Vellmar Chess Days"]
[Site "chess24.com"]
[Date "2018.07.12"]
[Round "1.26"]
[White "Tremoehlen, Thomas"]
[Black "Silini, Jalel"]
[Result "1/2-1/2"]
[WhiteElo "1980"]
[BlackElo "1702"]
[PlyCount "24"]
[EventDate "2018.??.??"]
[WhiteTeam "Deutschland"]
[BlackTeam "Deutschland"]
[WhiteTeamCountry "GER"]
[BlackTeamCountry "GER"]
[WhiteClock "1:30:30"]
[BlackClock "1:30:30"]

1. Nf3 Nf6 2. b3 d5 3. Bb2 e6 4. e3 c5 5. a4 Be7 6. Be2 Nc6 7. O-O O-O 8. d3 b6
9. Nbd2 Bb7 10. Re1 Qc7 11. Nf1 Rfd8 12. Ng3 Rac8 1/2-1/2

[Event "10th Vellmar Chess Days"]
[Site "chess24.com"]
[Date "2018.07.12"]
[Round "1.27"]
[White "Weber, Andreas"]
[Black "Krausse, Eckhard"]
[Result "1-0"]
[WhiteElo "1693"]
[BlackElo "1974"]
[PlyCount "54"]
[EventDate "2018.??.??"]
[WhiteTeam "Deutschland"]
[BlackTeam "Deutschland"]
[WhiteTeamCountry "GER"]
[BlackTeamCountry "GER"]
[WhiteClock "1:30:30"]
[BlackClock "1:30:30"]

1. Nf3 Nf6 2. g3 d5 3. Bg2 Bf5 4. d3 e6 5. O-O Bd6 6. Nbd2 O-O 7. Re1 e5 8. e4
dxe4 9. dxe4 Be6 10. b3 c6 11. Bb2 Qc7 12. Qe2 h6 13. Nc4 Bxc4 14. Qxc4 b5 15.
Qe2 Nbd7 16. Rad1 a5 17. Nh4 g6 18. Qd2 Bc5 19. h3 Kg7 20. Bc1 Rh8 21. Bb2 Bb4
22. c3 Be7 23. Kh1 Rad8 24. Qe2 Nc5 25. c4 Ne6 26. Nf3 Nd4 27. Nxd4 exd4 1-0

[Event "10th Vellmar Chess Days"]
[Site "chess24.com"]
[Date "2018.07.12"]
[Round "1.28"]
[White "Reichenbaecher, Thomas"]
[Black "Kroemer, Alexander"]
[Result "1/2-1/2"]
[WhiteElo "1966"]
[BlackElo "1564"]
[PlyCount "92"]
[EventDate "2018.??.??"]
[WhiteTeam "Deutschland"]
[BlackTeam "Deutschland"]
[WhiteTeamCountry "GER"]
[BlackTeamCountry "GER"]
[WhiteClock "1:30:30"]
[BlackClock "1:30:30"]

1. c4 c5 2. Nc3 Nc6 3. Nf3 g6 4. g3 Bg7 5. Bg2 Nf6 6. O-O O-O 7. d4 cxd4 8.
Nxd4 Nxd4 9. Qxd4 Re8 10. Qd3 d6 11. e4 Nd7 12. b3 Nc5 13. Qd2 Qa5 14. Bb2 Bd7
15. Rfd1 Rac8 16. Nd5 Qxd2 17. Rxd2 Bxb2 18. Rxb2 Ne6 19. Rd2 Nc7 20. Nc3 Red8
21. Rad1 Ne8 22. Nd5 Kf8 23. a4 b6 24. f3 f6 25. h4 h5 26. Nf4 Kg7 27. Nd5 Kf7
28. Kf2 Nc7 29. Nxc7 Rxc7 30. f4 Bg4 31. Bf3 Bxf3 32. Kxf3 Rc5 33. Rd5 Rdc8 34.
Ke3 Rxd5 35. Rxd5 Rc5 36. Rd1 Ke6 37. Kd4 a5 38. Rb1 f5 39. b4 axb4 40. Rxb4
Ra5 41. Rxb6 Rxa4 42. exf5+ gxf5 43. Rb8 Ra3 44. Rg8 Kf6 45. Kd5 Ra5+ 46. Kd4
Ra3 1/2-1/2

[Event "10th Vellmar Chess Days"]
[Site "chess24.com"]
[Date "2018.07.12"]
[Round "1.29"]
[White "Fromm, Nick"]
[Black "Brockhoff, Moritz"]
[Result "1/2-1/2"]
[WhiteElo "1614"]
[BlackElo "1927"]
[PlyCount "112"]
[EventDate "2018.??.??"]
[WhiteTeam "Deutschland"]
[BlackTeam "Deutschland"]
[WhiteTeamCountry "GER"]
[BlackTeamCountry "GER"]
[WhiteClock "1:30:30"]
[BlackClock "1:30:30"]

1. e4 e6 2. d4 d5 3. e5 c5 4. c3 Nc6 5. Nf3 Qb6 6. Bd3 cxd4 7. cxd4 Bd7 8. Bc2
Rc8 9. a3 a5 10. O-O Qc7 11. Nc3 Na7 12. Bd3 b5 13. Ng5 g6 14. Qf3 Bc6 15. Be3
Bg7 16. Nxb5 Nxb5 17. Bxb5 Bxb5 18. Rfc1 Bc4 19. b3 h6 20. Nh3 Ne7 21. bxc4
dxc4 22. Ra2 O-O 23. Rac2 Nd5 24. Rxc4 Qxc4 25. Rxc4 Rxc4 26. Nf4 Rfc8 27. h4
Nxf4 28. Bxf4 Rxd4 29. Qe3 Rd1+ 30. Kh2 Kh7 31. Qa7 Rcd8 32. Qxa5 R1d5 33. Qc7
R8d7 34. Qb8 Rd4 35. g3 R4d5 36. a4 g5 37. hxg5 hxg5 38. Bxg5 Bxe5 39. Qb1+ Kg7
40. Be3 Bc7 41. Qb4 Ba5 42. Qg4+ Kf8 43. Bh6+ Ke7 44. Bg5+ Kd6 45. Qf4+ Kc6 46.
Qc4+ Kb7 47. Be3 Rc7 48. Qe4 Bc3 49. Kg2 Rc6 50. Qh7 Rc7 51. Qe4 Kc6 52. Qc4+
Kd7 53. Qf4 f6 54. Qh6 Rc4 55. Qg7+ Kc6 56. Qf7 Rxa4 1/2-1/2

[Event "10th Vellmar Chess Days"]
[Site "chess24.com"]
[Date "2018.07.12"]
[Round "1.30"]
[White "Hagedorn, Alfons"]
[Black "Werner, Rosalie"]
[Result "1-0"]
[WhiteElo "1922"]
[BlackElo "1564"]
[PlyCount "65"]
[EventDate "2018.??.??"]
[WhiteTeam "Deutschland"]
[BlackTeam "Deutschland"]
[WhiteTeamCountry "GER"]
[BlackTeamCountry "GER"]
[WhiteClock "1:30:30"]
[BlackClock "1:30:30"]

1. g3 d5 2. Bg2 e5 3. d3 Nc6 4. Nf3 Nf6 5. O-O Bd6 6. Nbd2 O-O 7. e4 d4 8. h4
Bg4 9. a3 Qd7 10. Qe1 a5 11. Nh2 Bh3 12. Ndf3 h6 13. Bd2 Rfe8 14. Qc1 Kh7 15.
Qd1 Kg8 16. Kh1 b5 17. Ng1 Be6 18. f4 Bg4 19. Bf3 Bxf3+ 20. Qxf3 b4 21. f5 Bf8
22. g4 Nh7 23. g5 hxg5 24. hxg5 g6 25. Ng4 Bg7 26. Qh3 Qd6 27. f6 Bf8 28. Rf2
Bg7 29. fxg7 Nd8 30. Nf6+ Kxg7 31. Qxh7+ Kf8 32. Qg8+ Ke7 33. Qxe8# 1-0

[Event "10th Vellmar Chess Days"]
[Site "chess24.com"]
[Date "2018.07.12"]
[Round "1.31"]
[White "Meyner, Hannes"]
[Black "Arya Nirag Shah"]
[Result "1-0"]
[WhiteElo "2170"]
[BlackElo "1819"]
[PlyCount "79"]
[EventDate "2018.??.??"]
[WhiteTeam "Deutschland"]
[BlackTeam "Indien"]
[WhiteTeamCountry "GER"]
[BlackTeamCountry "IND"]
[WhiteClock "1:30:30"]
[BlackClock "1:30:30"]

1. d4 d5 2. c4 dxc4 3. Nf3 a6 4. e3 Nf6 5. Bxc4 Nc6 6. O-O Bg4 7. Nbd2 e6 8.
Be2 Bd6 9. Nc4 O-O 10. b3 Nd5 11. Bb2 a5 12. a3 f5 13. Rc1 Rf6 14. Nce5 Bxe5
15. dxe5 Rf7 16. Qc2 Rd7 17. Rfd1 Bxf3 18. Bxf3 Nce7 19. e4 fxe4 20. Bxe4 g6
21. h4 Qe8 22. h5 Rad8 23. hxg6 Nxg6 24. Bxd5 exd5 25. Qc3 d4 26. Qc4+ Kf8 27.
e6 Rd5 28. Qxc7 Qxe6 29. Qxh7 R5d7 30. Qh6+ Kg8 31. Qg5 Rd5 32. Qg3 Qd6 33. Qg4
b5 34. Rd3 Qf6 35. Rg3 R5d6 36. Rc7 Qe6 37. Qh5 Kf8 38. Qh6+ Ke8 39. Rg7 Nf8
40. Qh5+ 1-0

[Event "10th Vellmar Chess Days"]
[Site "chess24.com"]
[Date "2018.07.13"]
[Round "2.1"]
[White "Pap, Misa"]
[Black "Heinelt, Manfred"]
[Result "1-0"]
[WhiteElo "2473"]
[BlackElo "2126"]
[PlyCount "55"]
[EventDate "2018.??.??"]
[WhiteTeam "Serbien"]
[BlackTeam "Deutschland"]
[WhiteTeamCountry "SRB"]
[BlackTeamCountry "GER"]
[WhiteClock "0:24:56"]
[BlackClock "0:16:33"]

1. e4 Nf6 2. e5 Nd5 3. d4 d6 4. c4 Nb6 5. exd6 exd6 6. Nc3 Be7 7. Bd3 Nc6 8.
Nge2 Bf6 9. Be3 Bg4 10. f3 Qe7 11. Bf2 Bh5 12. O-O Bg6 13. Re1 O-O 14. Nf4 Qd8
15. Ncd5 Bg5 16. b3 Bxd3 17. Qxd3 Nb4 18. Nxb4 Bxf4 19. c5 dxc5 20. dxc5 Bd2
21. cxb6 Bxb4 22. Qxd8 Raxd8 23. Re4 Bc3 24. Rc1 Bb2 25. Rb1 Rd2 26. bxc7 b6
27. Rc4 Rc8 28. Be1 1-0

[Event "10th Vellmar Chess Days"]
[Site "chess24.com"]
[Date "2018.07.13"]
[Round "2.2"]
[White "Wiegel, Joerg"]
[Black "Spiess, Gunter"]
[Result "0-1"]
[WhiteElo "2094"]
[BlackElo "2422"]
[PlyCount "78"]
[EventDate "2018.??.??"]
[WhiteTeam "Deutschland"]
[BlackTeam "Deutschland"]
[WhiteTeamCountry "GER"]
[BlackTeamCountry "GER"]
[WhiteClock "0:02:02"]
[BlackClock "0:04:00"]

1. b3 d5 2. Bb2 Bf5 3. Nf3 e6 4. g3 h6 5. Bg2 Nf6 6. O-O Be7 7. c4 O-O 8. d3 c6
9. Nbd2 Nbd7 10. a4 a5 11. h3 Bh7 12. Rc1 Bb4 13. Nd4 Qe7 14. Nc2 Bc5 15. e4
dxe4 16. d4 Bd6 17. Qe2 Bf5 18. g4 Bg6 19. Nxe4 Nxe4 20. Bxe4 Bxe4 21. Qxe4 f5
22. gxf5 Rxf5 23. Ne3 Rh5 24. Rce1 Rxh3 25. d5 Qg5+ 26. Qg4 Qxg4+ 27. Nxg4 exd5
28. f3 Rf8 29. Re6 Rg3+ 30. Kh1 Rxg4 31. Rxd6 Rh4+ 32. Kg2 Rf7 33. cxd5 cxd5
34. Rxd5 Rb4 35. Rxa5 Rxb3 36. Rb5 Rxb5 37. axb5 Rf5 38. Rd1 Rxb5 39. Bxg7 Rg5+
0-1

[Event "10th Vellmar Chess Days"]
[Site "chess24.com"]
[Date "2018.07.13"]
[Round "2.3"]
[White "Wenninger, Philipp"]
[Black "Hehn, Hartmut"]
[Result "1-0"]
[WhiteElo "2371"]
[BlackElo "2046"]
[PlyCount "139"]
[EventDate "2018.??.??"]
[WhiteTeam "Deutschland"]
[BlackTeam "Deutschland"]
[WhiteTeamCountry "GER"]
[BlackTeamCountry "GER"]
[WhiteClock "0:01:53"]
[BlackClock "0:00:50"]

1. d4 f5 2. g3 Nf6 3. Bg2 d6 4. Nf3 g6 5. O-O Bg7 6. b3 O-O 7. Bb2 c6 8. c4 e5
9. dxe5 Ng4 10. Nc3 dxe5 11. Qxd8 Rxd8 12. Rad1 Re8 13. e4 Nd7 14. Rfe1 Nh6 15.
Na4 Nf7 16. Re2 a6 17. c5 Bf8 18. Rc1 f4 19. gxf4 Bh6 20. Rd1 Bxf4 21. Bh3 Nf6
22. Bxc8 Raxc8 23. Nb6 Rcd8 24. Rxd8 Rxd8 25. Nc4 Rd1+ 26. Kg2 Nd7 27. b4 g5
28. h3 Kg7 29. Re1 Rd3 30. Rb1 Nf8 31. Nfxe5 Nxe5 32. Nxe5 Bxe5 33. Bxe5+ Kf7
34. a4 Ng6 35. Bd6 Nh4+ 36. Kh2 Nf3+ 37. Kh1 Nh4 38. Bg3 h5 39. b5 axb5 40.
axb5 Rc3 41. b6 Ng6 42. Rd1 h4 43. Bh2 Rxc5 44. Rd7+ Ke6 45. Rxb7 Rb5 46. Kg2
Rb4 47. Rb8 Ne7 48. b7 c5 49. Kf3 Kd7 50. Ke3 Kc6 51. Be5 Rb3+ 52. Ke2 Kd7 53.
Bf6 Nc6 54. Rg8 Ke6 55. Bxg5 Nd4+ 56. Kd2 Rxb7 57. Be3 Rb2+ 58. Kc3 Rc2+ 59.
Kd3 Ra2 60. Bxd4 cxd4 61. Kxd4 Ra4+ 62. Ke3 Ra3+ 63. Kf4 Rxh3 64. f3 Rh1 65.
Ra8 h3 66. Ra6+ Kf7 67. Kg3 Kg7 68. Ra2 Kf6 69. Rh2 Rg1+ 70. Kf4 1-0

[Event "10th Vellmar Chess Days"]
[Site "chess24.com"]
[Date "2018.07.13"]
[Round "2.4"]
[White "Lesny, Florian"]
[Black "Euler, Gerd"]
[Result "1-0"]
[WhiteElo "2066"]
[BlackElo "2307"]
[PlyCount "120"]
[EventDate "2018.??.??"]
[WhiteTeam "Deutschland"]
[BlackTeam "Deutschland"]
[WhiteTeamCountry "GER"]
[BlackTeamCountry "GER"]
[WhiteClock "0:05:59"]
[BlackClock "1:07:29"]

1. e4 c5 2. Nf3 d6 3. d4 cxd4 4. Nxd4 Nf6 5. Nc3 g6 6. Be3 Bg7 7. f3 Nc6 8. Qd2
O-O 9. O-O-O d5 10. exd5 Nxd5 11. Nxd5 Qxd5 12. c4 Qe5 13. Nxc6 bxc6 14. Bd4
Qc7 15. Bxg7 Kxg7 16. h4 Be6 17. Bd3 Qe5 18. h5 g5 19. Rde1 Qf6 20. h6+ Kh8 21.
Qc2 Rfd8 22. Bxh7 Bxc4 23. Qxc4 Kxh7 24. Qe4+ Kh8 25. Qxe7 Qf4+ 26. Qe3 Qc4+
27. Kb1 Rd5 28. Rc1 Qb4 29. Rxc6 Rad8 30. Qc3+ Qxc3 31. Rxc3 Rd2 32. Rc2 Kh7
33. Kc1 R2d7 34. Rc5 Kg6 35. Rc6+ f6 36. Re1 Rh8 37. Rce6 Rc7+ 38. Kb1 Rxh6 39.
Re7 Rxe7 40. Rxe7 Rh1+ 41. Kc2 Rf1 42. Re2 Kf5 43. b4 Kf4 44. a4 Kg3 45. b5 Ra1
46. Kb3 f5 47. Ra2 Rb1+ 48. Kc4 g4 49. fxg4 Kxg4 50. Kc5 f4 51. a5 Kg3 52. b6
axb6+ 53. axb6 Rg1 54. b7 Rb1 55. Kc6 Rc1+ 56. Kb6 Rb1+ 57. Ka7 Ra1 58. Rxa1 f3
59. b8=Q+ Kf2 60. gxf3 Kg2 1-0

[Event "10th Vellmar Chess Days"]
[Site "chess24.com"]
[Date "2018.07.13"]
[Round "2.5"]
[White "Hahn, Markus"]
[Black "Eggenstein, Frank"]
[Result "1-0"]
[WhiteElo "2263"]
[BlackElo "1987"]
[PlyCount "101"]
[EventDate "2018.??.??"]
[WhiteTeam "Deutschland"]
[BlackTeam "Deutschland"]
[WhiteTeamCountry "GER"]
[BlackTeamCountry "GER"]
[WhiteClock "0:01:16"]
[BlackClock "0:02:41"]

1. d4 Nf6 2. c4 g6 3. Nc3 Bg7 4. e4 d6 5. Nf3 O-O 6. h3 e5 7. d5 Nh5 8. Nh2 Na6
9. g3 Qe8 10. Be2 Nf6 11. Ng4 Nc5 12. Nxf6+ Bxf6 13. b4 Nd7 14. Be3 b6 15. a3
Bg7 16. g4 h6 17. h4 Kh7 18. h5 g5 19. f3 Qd8 20. Kf2 Re8 21. Qd2 Bf8 22. Rhc1
Nf6 23. Rg1 Bd7 24. Bd1 a5 25. Ba4 axb4 26. axb4 Bxa4 27. Rxa4 Rxa4 28. Nxa4
Qd7 29. Nc3 Ra8 30. Kg3 Be7 31. Qb2 Qc8 32. Ra1 Ra6 33. Nb5 Ne8 34. Na7 Qb7 35.
Nc6 Bf6 36. b5 Ra8 37. Ra3 Bg7 38. Qa1 Rxa3 39. Qxa3 Qc8 40. Qa6 Qd7 41. Qb7
Nf6 42. Nb8 Qd8 43. Na6 Ne8 44. Nxc7 Nxc7 45. Bxb6 Qf6 46. Qxc7 Qf4+ 47. Kg2
Qd2+ 48. Bf2 f5 49. gxf5 g4 50. f6 gxf3+ 51. Kh3 1-0

[Event "10th Vellmar Chess Days"]
[Site "chess24.com"]
[Date "2018.07.13"]
[Round "2.6"]
[White "Reitz, Philipp"]
[Black "Kersten, Uwe"]
[Result "1-0"]
[WhiteElo "1990"]
[BlackElo "2237"]
[PlyCount "60"]
[EventDate "2018.??.??"]
[WhiteTeam "Deutschland"]
[BlackTeam "Deutschland"]
[WhiteTeamCountry "GER"]
[BlackTeamCountry "GER"]
[WhiteClock "0:13:26"]

1. e4 c5 2. Nc3 Nc6 3. Bb5 Nd4 4. Bc4 g6 5. Nge2 Bg7 6. Nxd4 cxd4 7. Qf3 Nh6 8.
Ne2 O-O 9. O-O Ng4 10. Qg3 Ne5 11. Bb3 Nc6 12. d3 Na5 13. Qh4 Nxb3 14. axb3 d5
15. exd5 Qxd5 16. Qxe7 Bf5 17. Qb4 Rfc8 18. c4 dxc3 19. Nxc3 Qxd3 20. Qxb7 Re8
21. Be3 Rab8 22. Qxa7 Qc2 23. Bd4 Rbd8 24. Bxg7 Kxg7 25. Qa3 Rd2 26. h3 Be6 27.
Qa4 Bd7 28. Qb4 Qf5 29. Ne4 Rd3 30. Nd6 Qg5 1-0

[Event "10th Vellmar Chess Days"]
[Site "chess24.com"]
[Date "2018.07.13"]
[Round "2.7"]
[White "Nilsson, Anders 1976"]
[Black "Hagedorn, Alfons"]
[Result "1-0"]
[WhiteElo "2228"]
[BlackElo "1922"]
[PlyCount "63"]
[EventDate "2018.??.??"]
[WhiteTeam "Schweden"]
[BlackTeam "Deutschland"]
[WhiteTeamCountry "SWE"]
[BlackTeamCountry "GER"]
[WhiteClock "0:39:59"]
[BlackClock "0:52:19"]

1. d4 d5 2. Bf4 Bf5 3. e3 e6 4. c3 Nf6 5. Qb3 Nbd7 6. Qxb7 Bd6 7. Bxd6 cxd6 8.
Qb4 Qc7 9. Nd2 O-O 10. Ngf3 Rab8 11. Qa3 Rb6 12. Be2 Rfb8 13. b4 Rc6 14. Rc1
Rc8 15. c4 Qb6 16. c5 dxc5 17. bxc5 Qb8 18. O-O e5 19. dxe5 Nxe5 20. Nxe5 Qxe5
21. Nf3 Qe4 22. Nd4 R6c7 23. f3 Qe5 24. f4 Qe4 25. Bf3 Qd3 26. Rc3 Qxc3 27.
Qxc3 Rxc5 28. Qa3 Be4 29. Qxa7 Rc3 30. Nb5 Rc2 31. Nd6 Rf8 32. Qa4 1-0

[Event "10th Vellmar Chess Days"]
[Site "chess24.com"]
[Date "2018.07.13"]
[Round "2.8"]
[White "Pauls, Wilhelm"]
[Black "Dorst, Johannes"]
[Result "0-1"]
[WhiteElo "1971"]
[BlackElo "2217"]
[PlyCount "84"]
[EventDate "2018.??.??"]
[WhiteTeam "Deutschland"]
[BlackTeam "Deutschland"]
[WhiteTeamCountry "GER"]
[BlackTeamCountry "GER"]
[WhiteClock "0:07:59"]
[BlackClock "0:02:52"]

1. e4 e6 2. d4 d5 3. Nc3 Bb4 4. e5 c5 5. a3 Bxc3+ 6. bxc3 Ne7 7. Nf3 h6 8. a4
O-O 9. Bd3 b6 10. dxc5 bxc5 11. Rb1 Qa5 12. O-O Ba6 13. c4 Qxa4 14. Nd2 Nbc6
15. Bb2 Nb4 16. Ra1 Qe8 17. Bc3 Bb7 18. Nb3 Nxd3 19. cxd3 d4 20. Bd2 Qc6 21.
Qg4 f5 22. Qh3 Rfc8 23. Rfb1 Qc7 24. Nxc5 Qxc5 25. Rxb7 Rc7 26. Rb5 Qc6 27. Qg3
Kh7 28. h4 Rb7 29. Rba5 Rb2 30. Bc1 Re2 31. Ba3 Nc8 32. h5 Rb8 33. Rc5 Qd7 34.
Qf3 Rc2 35. Ra5 Rb7 36. Ra6 Ne7 37. Bd6 Nc8 38. c5 Rbb2 39. c6 Qe8 40. Ba3 Rxf2
41. Qxf2 Rxf2 42. Kxf2 Qxh5 0-1

[Event "10th Vellmar Chess Days"]
[Site "chess24.com"]
[Date "2018.07.13"]
[Round "2.9"]
[White "Henrich, Thomas"]
[Black "Weber, Andreas"]
[Result "1-0"]
[WhiteElo "2179"]
[BlackElo "1693"]
[PlyCount "47"]
[EventDate "2018.??.??"]
[WhiteTeam "Deutschland"]
[BlackTeam "Deutschland"]
[WhiteTeamCountry "GER"]
[BlackTeamCountry "GER"]
[WhiteClock "1:30:30"]
[BlackClock "1:30:30"]

1. e4 e5 2. Nf3 Nc6 3. d4 exd4 4. Nxd4 Nf6 5. Nxc6 bxc6 6. e5 Qe7 7. Qe2 Nd5 8.
c4 Nb6 9. b3 Ba6 10. Bb2 O-O-O 11. Nd2 d5 12. O-O-O dxc4 13. Qe4 Bb7 14. Bxc4
Nxc4 15. Nxc4 Rxd1+ 16. Rxd1 c5 17. Qf5+ Qe6 18. Qg5 Qe7 19. Qg3 Qe6 20. Na5
Ba8 21. f4 Qg6 22. Qh4 f6 23. Qh3+ f5 24. Qd3 1-0

[Event "10th Vellmar Chess Days"]
[Site "chess24.com"]
[Date "2018.07.13"]
[Round "2.10"]
[White "Powalla, Christian"]
[Black "Hoffmann, Sebastian"]
[Result "0-1"]
[WhiteElo "1812"]
[BlackElo "2174"]
[PlyCount "96"]
[EventDate "2018.??.??"]
[WhiteTeam "Deutschland"]
[BlackTeam "Deutschland"]
[WhiteTeamCountry "GER"]
[BlackTeamCountry "GER"]
[WhiteClock "1:30:30"]
[BlackClock "1:30:30"]

1. e4 c5 2. c3 Nf6 3. e5 Nd5 4. d4 cxd4 5. Nf3 Nc6 6. Bc4 Nb6 7. Bb5 dxc3 8.
Nxc3 g6 9. O-O Bg7 10. Qe2 O-O 11. Bf4 f6 12. exf6 Bxf6 13. Bh6 Rf7 14. Ne4 Bg7
15. Bxg7 Rxg7 16. Rad1 d6 17. Nc5 Qf8 18. Ne6 Bxe6 19. Qxe6+ Qf7 20. Qe4 Rc8
21. a4 Qf5 22. Qe2 Qf6 23. Rc1 e5 24. Rfd1 Rgc7 25. Qd2 a6 26. a5 Nd7 27. Bc4+
Kg7 28. Qxd6 Qxd6 29. Rxd6 Nxa5 30. Rcd1 Nxc4 31. Rxd7+ Kf6 32. g4 e4 33. g5+
Ke6 34. Rxc7 Rxc7 35. Nd4+ Ke5 36. b3 Nd6 37. f4+ exf3 38. Nxf3+ Kf4 39. Rxd6
Kxf3 40. Rd3+ Kg4 41. Rg3+ Kf4 42. Kf2 Rc2+ 43. Kg1 Rc5 44. Kf2 Rxg5 45. Rf3+
Ke5 46. Rc3 Rf5+ 47. Ke3 Kd6 48. Ke4 Rh5 0-1

[Event "10th Vellmar Chess Days"]
[Site "chess24.com"]
[Date "2018.07.13"]
[Round "2.11"]
[White "Ruhl, Moritz"]
[Black "Meyner, Hannes"]
[Result "1-0"]
[WhiteElo "1783"]
[BlackElo "2170"]
[PlyCount "85"]
[EventDate "2018.??.??"]
[WhiteTeam "Deutschland"]
[BlackTeam "Deutschland"]
[WhiteTeamCountry "GER"]
[BlackTeamCountry "GER"]
[WhiteClock "1:30:30"]
[BlackClock "1:30:30"]

1. d4 Nf6 2. c4 e6 3. Nc3 Bb4 4. Qb3 c5 5. dxc5 Nc6 6. Bd2 Bxc5 7. e3 O-O 8.
Nf3 d5 9. Be2 a6 10. cxd5 exd5 11. Na4 Ba7 12. O-O Re8 13. Rac1 Ne4 14. Rfd1
Nxd2 15. Rxd2 d4 16. exd4 Bg4 17. d5 Rxe2 18. Rxe2 Bxf3 19. Qxf3 Nd4 20. Qe4
Nxe2+ 21. Qxe2 Qxd5 22. Nc3 Qg5 23. Re1 h6 24. g3 h5 25. h4 Qxg3+ 26. Kf1 Qxh4
27. Qf3 Qc4+ 28. Kg2 Qc5 29. Ne4 Qa5 30. Nc3 Qg5+ 31. Kf1 Rb8 32. Nd5 Bc5 33.
b4 Bd6 34. a3 Bf8 35. Nf4 h4 36. Rd1 Rc8 37. Nh3 Qb5+ 38. Kg1 Rc6 39. Nf4 Rf6
40. Qg4 Qc4 41. Rd8 Rg6 42. Rxf8+ Kxf8 43. Nxg6+ 1-0

[Event "10th Vellmar Chess Days"]
[Site "chess24.com"]
[Date "2018.07.13"]
[Round "2.12"]
[White "Weber, Samuel"]
[Black "Krien, Hartmut"]
[Result "1-0"]
[WhiteElo "2197"]
[BlackElo "1834"]
[PlyCount "31"]
[EventDate "2018.??.??"]
[WhiteTeam "Deutschland"]
[BlackTeam "Deutschland"]
[WhiteTeamCountry "GER"]
[BlackTeamCountry "GER"]
[WhiteClock "1:30:30"]
[BlackClock "1:30:30"]

1. Nf3 Nf6 2. g3 g6 3. Bg2 Bg7 4. O-O O-O 5. d3 d5 6. Nbd2 c5 7. Re1 Bf5 8. Nh4
Bg4 9. h3 g5 10. hxg4 gxh4 11. g5 hxg3 12. gxf6 gxf2+ 13. Kxf2 Bxf6 14. Rh1 Nc6
15. Qg1 Kh8 16. Qh2 1-0

[Event "10th Vellmar Chess Days"]
[Site "chess24.com"]
[Date "2018.07.13"]
[Round "2.13"]
[White "Luke, Niko"]
[Black "Hahn, Florian"]
[Result "1/2-1/2"]
[WhiteElo "1788"]
[BlackElo "2189"]
[PlyCount "44"]
[EventDate "2018.??.??"]
[WhiteTeam "Deutschland"]
[BlackTeam "Deutschland"]
[WhiteTeamCountry "GER"]
[BlackTeamCountry "GER"]
[WhiteClock "1:30:30"]
[BlackClock "1:30:30"]

1. d4 Nf6 2. c4 g6 3. f3 d5 4. cxd5 Nxd5 5. e4 Nb6 6. Be3 Bg7 7. Nc3 O-O 8. Qd2
e5 9. d5 c6 10. h4 cxd5 11. exd5 N8d7 12. h5 Nf6 13. hxg6 fxg6 14. O-O-O Bd7
15. Kb1 Rc8 16. Nh3 Na4 17. Ne4 Nb6 18. Nxf6+ Bxf6 19. Ng5 Bf5+ 20. Ne4 Nc4 21.
Bxc4 Rxc4 22. d6 Qd7 1/2-1/2

[Event "10th Vellmar Chess Days"]
[Site "chess24.com"]
[Date "2018.07.13"]
[Round "2.14"]
[White "Weiss, Jochen"]
[Black "Henkemeier, Michael"]
[Result "1/2-1/2"]
[WhiteElo "2145"]
[BlackElo "1856"]
[PlyCount "42"]
[EventDate "2018.??.??"]
[WhiteTeam "Deutschland"]
[BlackTeam "Deutschland"]
[WhiteTeamCountry "GER"]
[BlackTeamCountry "GER"]
[WhiteClock "1:30:30"]
[BlackClock "1:30:30"]

1. c4 c6 2. Nc3 Nf6 3. d4 d5 4. e3 e6 5. Nf3 Nbd7 6. Bd3 dxc4 7. Bxc4 Be7 8.
O-O O-O 9. Qe2 b5 10. Bd3 a6 11. Rd1 b4 12. Na4 Qa5 13. b3 Bb7 14. Bb2 Qh5 15.
Nd2 Qxe2 16. Bxe2 c5 17. Nc4 Rfd8 18. Ne5 Bd5 19. f3 cxd4 20. e4 Nxe5 21. exd5
Nxd5 1/2-1/2

[Event "10th Vellmar Chess Days"]
[Site "chess24.com"]
[Date "2018.07.13"]
[Round "2.15"]
[White "Krause, Maximilian"]
[Black "Toepfer, Albrecht"]
[Result "1/2-1/2"]
[WhiteElo "1827"]
[BlackElo "2077"]
[PlyCount "44"]
[EventDate "2018.??.??"]
[WhiteTeam "Deutschland"]
[BlackTeam "Deutschland"]
[WhiteTeamCountry "GER"]
[BlackTeamCountry "GER"]
[WhiteClock "1:30:30"]
[BlackClock "1:30:30"]

1. e4 c5 2. c3 d5 3. exd5 Nf6 4. Nf3 Nxd5 5. d4 e6 6. g3 Nc6 7. Bg2 Be7 8. O-O
O-O 9. Re1 cxd4 10. Nxd4 Bd7 11. Nb3 Nb6 12. Bf4 Qc8 13. Be3 Nc4 14. Qe2 Nxe3
15. Qxe3 Rd8 16. N1d2 Qc7 17. Ne4 Be8 18. Nec5 b6 19. Nxe6 fxe6 20. Qxe6+ Kf8
21. Qf5+ Kg8 22. Qe6+ Kf8 1/2-1/2

[Event "10th Vellmar Chess Days"]
[Site "chess24.com"]
[Date "2018.07.13"]
[Round "2.16"]
[White "Pfitzenreuter, Gerald"]
[Black "Meyer, Marcel"]
[Result "0-1"]
[WhiteElo "2071"]
[BlackElo "1776"]
[PlyCount "30"]
[EventDate "2018.??.??"]
[WhiteTeam "Deutschland"]
[BlackTeam "Deutschland"]
[WhiteTeamCountry "GER"]
[BlackTeamCountry "GER"]
[WhiteClock "1:30:30"]
[BlackClock "1:30:30"]

1. d4 Nf6 2. c4 c6 3. Nc3 d5 4. cxd5 cxd5 5. Nf3 Nc6 6. Bf4 Bf5 7. e3 Qb6 8.
Bb5 a6 9. Qa4 Rc8 10. Bxc6+ Qxc6 11. O-O b5 12. Qa5 e6 13. Rfc1 Qb7 14. Ne2 Rc4
15. b3 Bb4 0-1

[Event "10th Vellmar Chess Days"]
[Site "chess24.com"]
[Date "2018.07.13"]
[Round "2.17"]
[White "Scharrer, Udo"]
[Black "Rehbein, Ullrich"]
[Result "1/2-1/2"]
[WhiteElo "2054"]
[BlackElo "1756"]
[PlyCount "43"]
[EventDate "2018.??.??"]
[WhiteTeam "Deutschland"]
[BlackTeam "Deutschland"]
[WhiteTeamCountry "GER"]
[BlackTeamCountry "GER"]
[WhiteClock "1:30:30"]
[BlackClock "1:30:30"]

1. d4 Nf6 2. c4 e6 3. Nc3 Bb4 4. Nf3 O-O 5. Bg5 c5 6. e3 d5 7. cxd5 cxd4 8.
Qxd4 Bxc3+ 9. Qxc3 Nxd5 10. Bxd8 Nxc3 11. Be7 Re8 12. Ba3 Nd5 13. Bc4 Nc6 14.
O-O a6 15. b3 Ndb4 16. Rfc1 b5 17. Be2 Bb7 18. Bb2 Red8 19. Nd4 Nxd4 20. Bxd4
Rac8 21. a3 Nc2 22. Rab1 1/2-1/2

[Event "10th Vellmar Chess Days"]
[Site "chess24.com"]
[Date "2018.07.13"]
[Round "2.18"]
[White "Werner, Martin"]
[Black "Fromm, Nick"]
[Result "1/2-1/2"]
[WhiteElo "2018"]
[BlackElo "1614"]
[PlyCount "35"]
[EventDate "2018.??.??"]
[WhiteTeam "Deutschland"]
[BlackTeam "Deutschland"]
[WhiteTeamCountry "GER"]
[BlackTeamCountry "GER"]
[WhiteClock "1:30:30"]
[BlackClock "1:30:30"]

1. d4 d5 2. Nc3 Nf6 3. Bg5 Nbd7 4. f3 h6 5. Bf4 c5 6. e4 dxe4 7. fxe4 Qa5 8. e5
Nd5 9. Bd2 cxd4 10. Nb5 Qb6 11. Nf3 a6 12. c4 Nc7 13. Nxc7+ Qxc7 14. Bf4 g5 15.
Bg3 Qa5+ 16. Kf2 Bg7 17. Qxd4 Qc5 18. Qxc5 1/2-1/2